000 00405nam a2200157 a 4500
005 20140412111342.0
008 110120s19uu xx 00 eng d
020 _a971-508-238-9
050 _aFil E
_bHi52 2008
100 _aPacis, Carla
245 _aHipon and Biya /
_cCarla Pacis.
260 _aPhils :
_bAdarna house,
_c2008.
300 _aunp.
440 _aA book in 2 languages
999 _c105152
_d105152